| 000 | 00533nam a22001817a 4500 | ||
|---|---|---|---|
| 003 | NUST - PNEC | ||
| 005 | 20170116181201.0 | ||
| 008 | 160215b xxu||||| |||| 00| 0 eng d | ||
| 020 | _a9780170183284 | ||
| 040 | _cLIBRARY | ||
| 082 | _a371.102 KIL | ||
| 100 |
_916420 _aKillen, Roy |
||
| 245 |
_aEffective teaching strategies : lessons from research and practice _cRoy Killen |
||
| 250 | _a5th ed. | ||
| 260 | _cc2009. | ||
| 650 |
_916421 _aTeachers training, classroom management, lesson planning _xGeneral |
||
| 942 |
_2ddc _cBK |
||
| 999 |
_c71466 _d71466 |
||